[Event "DEN-ch"]
[Site "Lyngby"]
[Date "1991.03.30"]
[Round "9"]
[White "Kristiansen, Jens"]
[Black "Hoi, Carsten"]
[Result "1-0"]
[WhiteElo "2440"]
[BlackElo "2445"]
[PlyCount "80"]
[EventDate "1991.03.??"]
[EventType "tourn"]
[EventRounds "11"]
[EventCountry "DEN"]
[EventCategory "8"]

1. e4 g6 2. d4 Bg7 3. Nf3 d6 4. Nc3 Nf6 5. h3 O-O 6. Be3 a6 7. a4 b6 8. Be2 Bb7
9. e5 dxe5 10. dxe5 Nd5 11. Nxd5 Qxd5 12. Qxd5 Bxd5 13. O-O-O e6 14. b3 Bb7 15.
h4 Nc6 16. Rd7 Rac8 17. Bxb6 cxb6 18. Rxb7 b5 19. axb5 axb5 20. Rxb5 Ra8 21.
Rd1 Rfc8 22. Rd7 Bh6+ 23. Ng5 Ra1+ 24. Kd2 Bf8 25. Nxf7 Nb4 26. Bc4 Ra2 27.
Rxb4 Bxb4+ 28. Kd3 Ra1 29. Rb7 Rd1+ 30. Ke2 Re1+ 31. Kf3 Bf8 32. Ng5 Rxc4 33.
bxc4 Rxe5 34. Nxh7 Rf5+ 35. Ke2 Rf4 36. g3 Rf5 37. Nxf8 Kxf8 38. f4 Rc5 39. Kd3
e5 40. Rb5 e4+ 1-0

[Event "DEN-ch"]
[Site "Lyngby"]
[Date "1991.03.31"]
[Round "10"]
[White "Hoi, Carsten"]
[Black "Sorensen, Jan"]
[Result "1/2-1/2"]
[WhiteElo "2445"]
[BlackElo "2412"]
[PlyCount "45"]
[EventDate "1991.03.??"]
[EventType "tourn"]
[EventRounds "11"]
[EventCountry "DEN"]
[EventCategory "8"]

1. d4 Nf6 2. Nc3 d5 3. Bg5 Bf5 4. e3 e6 5. Bd3 Bxd3 6. Qxd3 Nbd7 7. e4 dxe4 8.
Nxe4 Be7 9. Bxf6 Bxf6 10. Nf3 O-O 11. O-O-O Re8 12. g4 Nf8 13. h4 Be7 14. g5 c5
15. Kb1 cxd4 16. h5 f5 17. gxf6 Bxf6 18. Rdg1 Rc8 19. Rg4 Rc7 20. Rhg1 e5 21.
Nfg5 Kh8 22. Qf3 Bxg5 23. Rxg5 1/2-1/2

[Event "DEN-ch"]
[Site "Lyngby"]
[Date "1991.03.31"]
[Round "10"]
[White "Holst, Allan"]
[Black "Hansen, Lars Bo"]
[Result "0-1"]
[WhiteElo "2301"]
[BlackElo "2540"]
[PlyCount "121"]
[EventDate "1991.03.??"]
[EventType "tourn"]
[EventRounds "11"]
[EventCountry "DEN"]
[EventCategory "8"]

1. Nf3 f5 2. e4 fxe4 3. Ng5 Nf6 4. d3 e5 5. dxe4 Bc5 6. Bc4 Qe7 7. Bf7+ Kf8 8.
Bb3 h6 9. Nf3 d6 10. Be3 Bxe3 11. fxe3 g6 12. Nc3 Kg7 13. Qe2 Na6 14. O-O-O Nc5
15. Rdf1 Be6 16. Nd2 Raf8 17. Rhg1 c6 18. g4 Nh7 19. Bxe6 Nxe6 20. Qg2 Rxf1+
21. Rxf1 b5 22. Qg3 Rf8 23. Rxf8 Nexf8 24. a3 Nd7 25. Ne2 Qe6 26. Kb1 a5 27.
Qg2 Nb6 28. h3 a4 29. Ng3 Kf7 30. Qe2 Nf6 31. Qd3 Nfd7 32. Qe2 Ke8 33. Qf1 Kd8
34. Qe2 Kc7 35. Qf1 Qe7 36. Ne2 Qf6 37. Qg2 Nc5 38. Nc3 Kb7 39. Qg3 Nc4 40. Kc1
Nxd2 41. Kxd2 Nd7 42. Ke1 Nb6 43. Nd1 Nc4 44. c3 Kc7 45. h4 Qf7 46. Qg2 d5 47.
exd5 Qxd5 48. Qxd5 cxd5 49. Ke2 e4 50. Kf2 Kd6 51. Kg3 g5 52. hxg5 hxg5 53. Kf2
Ne5 54. Ke2 Nxg4 55. c4 bxc4 56. Nc3 Ne5 57. Nxa4 Nd3 58. Kf1 Nxb2 59. Nxb2 c3
60. Nc4+ dxc4 61. Ke2 0-1

[Event "DEN-ch"]
[Site "Lyngby"]
[Date "1991.03.31"]
[Round "10"]
[White "Rasmussen, Karsten"]
[Black "Schandorff, Lars"]
[Result "1-0"]
[WhiteElo "2432"]
[BlackElo "2437"]
[PlyCount "85"]
[EventDate "1991.03.??"]
[EventType "tourn"]
[EventRounds "11"]
[EventCountry "DEN"]
[EventCategory "8"]

1. g3 g6 2. Bg2 Bg7 3. c4 Nf6 4. Nc3 O-O 5. d4 d6 6. e3 c6 7. Nge2 e5 8. b3 Re8
9. Ba3 exd4 10. Nxd4 Qa5 11. Bb2 d5 12. cxd5 Nxd5 13. Qd2 Nf6 14. O-O Qh5 15.
Nde2 g5 16. f3 Na6 17. Ne4 Nxe4 18. fxe4 Qg6 19. Bxg7 Qxg7 20. Nd4 Be6 21. Qa5
c5 22. Nf5 Qe5 23. Rad1 Nb4 24. Qb5 Rab8 25. Qe2 Kh8 26. Qh5 Nxa2 27. Nd6 Rf8
28. Bh3 f6 29. Bf5 Bg8 30. Rd5 Qe7 31. Nc8 Qf7 32. Qh3 Qg7 33. Rd7 Rf7 34. Rfd1
Rxc8 35. Rxf7 Qxf7 36. Rd7 Qxd7 37. Bxd7 Rd8 38. Qf5 Kg7 39. e5 Rf8 40. e6 Ra8
41. e4 Nc3 42. e5 Nd5 43. exf6+ 1-0

[Event "DEN-ch"]
[Site "Lyngby"]
[Date "1991.04.01"]
[Round "11"]
[White "Brinck Claussen, Bjorn"]
[Black "Holst, Allan"]
[Result "1-0"]
[WhiteElo "2422"]
[BlackElo "2301"]
[PlyCount "44"]
[EventDate "1991.03.??"]
[EventType "tourn"]
[EventRounds "11"]
[EventCountry "DEN"]
[EventCategory "8"]

1. e4 d5 2. exd5 Nf6 3. c4 e6 4. d4 exd5 5. Nc3 Be7 6. Nf3 O-O 7. cxd5 Nxd5 8.
Bd3 Nc6 9. O-O Bg4 10. Be4 Nf6 11. Bxc6 bxc6 12. h3 Bh5 13. g4 Nxg4 14. hxg4
Bxg4 15. Qd3 f5 16. Ne5 Bd6 17. Bf4 Qe8 18. f3 Bh3 19. Rf2 Qh5 20. Rh2 Rf6 21.
Kh1 Rb8 22. Rg1 Rb4 1-0

[Event "DEN-ch"]
[Site "Lyngby"]
[Date "1991.04.01"]
[Round "11"]
[White "Hansen, Lars Bo"]
[Black "Rasmussen, Karsten"]
[Result "1/2-1/2"]
[WhiteElo "2540"]
[BlackElo "2432"]
[PlyCount "91"]
[EventDate "1991.03.??"]
[EventType "tourn"]
[EventRounds "11"]
[EventCountry "DEN"]
[EventCategory "8"]

1. d4 d5 2. c4 e6 3. Nc3 c6 4. cxd5 exd5 5. Bf4 Bd6 6. Bg3 Bf5 7. e3 Nf6 8. f3
O-O 9. Nge2 c5 10. Bh4 Be6 11. Qd2 Nc6 12. dxc5 Bxc5 13. Nd4 Re8 14. Be2 Ne4
15. Nxe4 Qxh4+ 16. g3 Qe7 17. Nxc5 Qxc5 18. Rc1 Qb6 19. Kf2 Nxd4 20. Qxd4 Qxd4
21. exd4 Rac8 22. h4 Kf8 23. g4 Rxc1 24. Rxc1 Rc8 25. Rxc8+ Bxc8 26. g5 Bf5 27.
Ke3 Ke7 28. Kf4 Ke6 29. Bb5 Bb1 30. a3 f6 31. gxf6 Kxf6 32. Bd7 h6 33. Bc8 b6
34. Bb7 Ba2 35. Bc6 Bb3 36. Bb5 Bc2 37. Be2 Bf5 38. Bd1 g5+ 39. hxg5+ hxg5+ 40.
Ke3 Ke6 41. Bb3 a5 42. Kf2 Bd3 43. Kg3 Bf5 44. f4 gxf4+ 45. Kxf4 Bd3 46. Bd1
1/2-1/2

[Event "DEN-ch"]
[Site "Lyngby"]
[Date "1991.04.01"]
[Round "11"]
[White "Schandorff, Lars"]
[Black "Hoi, Carsten"]
[Result "1/2-1/2"]
[WhiteElo "2437"]
[BlackElo "2445"]
[PlyCount "54"]
[EventDate "1991.03.??"]
[EventType "tourn"]
[EventRounds "11"]
[EventCountry "DEN"]
[EventCategory "8"]

1. c4 g6 2. Nc3 Bg7 3. d4 d6 4. e4 Nc6 5. Be3 e5 6. Nge2 Nh6 7. f3 f5 8. d5 Ne7
9. Qd2 Nf7 10. O-O-O O-O 11. Kb1 Bd7 12. Nc1 a6 13. c5 dxc5 14. Bxc5 Nd6 15.
Bd3 Kh8 16. Be3 Nec8 17. Nb3 b6 18. Qe2 a5 19. Rc1 Rf7 20. Rc2 a4 21. Nd2 Be8
22. a3 Ra7 23. g3 Ra5 24. Rhc1 Ra7 25. Ka1 Ra5 26. Kb1 Ra7 27. Ka1 Ra5 1/2-1/2